LEADER 01285nam a2200289 i 4500 001 000000191728 003 CaOOAMICUS 005 20161130000000.0 008 161130s1976 it u000 u ita u 013 $a170298 040 $aSeMil$bita 100 1 $aCima, Otto,$d<1859-1929>.$0(OLS)http://semarc/name/60511 245 10$aMilano vecchia /$cOtto Cima ; presentazione di Luigi Santucci ; illustrazioni di Camillo Cima. 260 $aMilano :$bMursia,$c1976. 300 $a258 p. :$bill. ;$c23 cm. 490 0 $aCittą : fatti e figure ;$v9 650 4$aMilano - Storia.$0(OLS)http://semarc/subject/766 650 4$aMilano - Tradizioni locali.$0(OLS)http://semarc/subject/16807 650 4$aMilano - Usi e costumi.$0(OLS)http://semarc/subject/9041 700 1 $aCima, Camillo.$0(OLS)http://semarc/name/3069 700 1 $aSantucci, Luigi,$d<1918-1999>.$0(OLS)http://semarc/name/10748 830 0$aCittą : fatti e figure ;$v9.$0(OLS)http://semarc/title/25353 850 $aSeMil 852 $aSeMil$W1$xVenegono$y1$m3O II 99/A$j142336$B142336$CSeMilBibl$Z2$F216841 $81 961 $aOmaggio: Grampa dott. Cesare 996 $6245$aMilano vecchia$9(OLS)http://semarc/title/276241 996 $6260$aMilano :$bMursia$9(OLS)http://semarc/publisher/30230 LEADER 01162nam a2200241 i 4500 001 000000050168 003 CaOOAMICUS 005 20120711000000.0 008 120711s1968 it u000 u ita u 013 $a21339 040 $aSeMil$bita 100 1 $aCalvi, Gabriele.$0(OLS)http://semarc/name/2357 245 13$aIl divorzio in una societą democratica :$batti della tavola rotonda tenuta a Brescia il 6-7 maggio 1967 per iniziativa de "La Famiglia" /$c[Calvi ... et al.]. 260 $aBrescia :$bLa Scuola,$ccopyr. 1968. 300 $a151 p. ;$c25 cm. 490 0 $aCattolici in dialogo ;$v1 650 4$aDivorzio.$0(OLS)http://semarc/subject/5893 700 1 $aLa Famiglia .$0(OLS)http://semarc/name/24846 830 0$aCattolici in dialogo ;$v1.$0(OLS)http://semarc/title/6792 850 $aSeMil 852 $aSeMil$W1$xVenegono$y1$m2E IV 142$j16323$B16323$CSeMilBibl$Z2$F16323 $81 996 $6245$aIl divorzio in una societą democratica :$batti della tavola rotonda tenuta a Brescia il 6-7 maggio 1967 per iniziativa de "La Famiglia"$9(OLS)http://semarc/title/76549 996 $6260$aBrescia :$bLa Scuola$9(OLS)http://semarc/publisher/29831